| 000 | 00649nam a2200193 a 4500 | ||
|---|---|---|---|
| 005 | 20210219160038.0 | ||
| 008 | 080619s1978 mx r 000 0 spa d | ||
| 035 | _aUPN01000157167 | ||
| 049 | _aUNE | ||
| 080 | _a37 (914) =20 1978-80 REP | ||
| 245 | 0 | 0 | _aA Report on the development of education in the Philippines 1978-1980. |
| 260 |
_aManila, Philippines : _bMinistry of Educational and Culture, _c1978. |
||
| 300 |
_a42 p. : _bil. |
||
| 690 | _aEducación - Filipinas | ||
| 690 | _aDesarrollo de la educación - Filipinas | ||
| 690 | _aFilipinas - Educación | ||
| 710 | 1 |
_aFilipinas. _bMinistry of Education and Culture |
|
| 905 | _aUNESCO | ||
| 999 |
_c129281 _d129281 |
||